| 000 | 01050nam a22002657a 4500 | ||
|---|---|---|---|
| 003 | EG-ScBUE | ||
| 005 | 20211128140242.0 | ||
| 008 | 111103s1989 le f 000 0arara d | ||
| 040 |
_aEG-ScBUE _bara _erda _cEG-ScBUE _dEG-ScBUE |
||
| 082 | 0 | 4 |
_222 _a892.736 _bق ع ي |
| 100 | 1 |
_aالقعيد، يوسف، _d1944- _eمؤلف. _98108 |
|
| 245 | 1 | 0 |
_aشكاوى المصري الفصيح : _bالأعمال الكاملة / _cيوسف القعيد. |
| 250 | _aالطبعة الأولى. | ||
| 264 | 1 |
_aبيروت ؛ _aالقاهرة : _bدار الشروق، _c1989. |
|
| 300 |
_a1071 صفحة ؛ _c18 سم |
||
| 336 |
_2rdacontent _aنص _btxt |
||
| 337 |
_2rdamedia _aبدون وسيط _bn |
||
| 338 |
_2rdacarrier _aمجلد _bnc |
||
| 505 | _aالمحتويات : نوم الأغنياء -- المزاد -- أرق الفقراء | ||
| 650 | 7 |
_98088 _aالقصص العربية القصيرة _zمصر _yقرن 21. _2BUEsh |
|
| 651 | _2BUEsh | ||
| 653 |
_cNovember2011 _bARALIT |
||
| 655 |
_vReading book _934232 |
||
| 942 |
_2ddc _cBB _k892.736 ق ع ي |
||
| 999 |
_c16199 _d16199 |
||